000 00536nam a2200181Ia 4500
008 240729s9999 xx 000 0 und d
022 _a2204-9029
245 0 _aConstruction Economics and Building
260 _aAustralia
260 _bUTS ePRESS
650 _a Building construction
650 _a Engineering (General). Civil engineering (General)
650 _a Engineering economy | Technology
650 _aTechnology
856 _uhttps://doaj.org/toc/a000e3c4b7b94165bf88721f423d91c6
942 _2ddc
942 _cDOAJEJ
999 _c70951
_d70951
945 _a1
_bMadushi Gamage
_c1
_dMadushi Gamage